Mythologie ou Mytho - Statistiques

Statistiques générales
  • Ce quiz a été pris 112 fois
    57 depuis la dernière actualisation
  • Le résultat moyen est 13 sur 15
Statistiques - réponses
Question Réponse % Correct
Pattaya est la déesse de l’agriculture Mytho
100%
Hades est le dieu des archers Mytho
100%
Tétanos est le chef des Titans durant la Titanomachie Mytho
100%
L’animal représentant Athéna est le renard. Mytho
100%
Œdipe est un héros grec connu pour avoir trouvé l’énigme du sphinx Mythologie
100%
Dédale est le créateur du labyrinthe du Minotaure Mythologie
100%
Homère est l’auteur de l’Illiade et l’Odyssée Mythologie
96%
Icare est un cheval-zombie qui hante ceux qui ne vénèrent pas Hadès Mytho
95%
Titus était un roi qui transformé en or tout ce qu’il touchait Mytho
95%
Persée est un roi de Perse Mytho
95%
Durant son enfance Héphaistos a été jetée de l’Olympe par sa mère Héra car elle le trouver laid. Mythologie
95%
Morphée est le dieu des rêves Mythologie
95%
Rébus est le fondateur de Rome Mytho
94%
Jetopunko est un dieu de la guerre Mytho
94%
Héracles est le fils de Zeus Mythologie
94%
Thor est le dieu de la foudre dans la mythologie nordique Mythologie
94%
Brancard est un roi de Délos Mytho
93%
Dadju est le dieu égyptien de l’amour Mytho
92%
Thésée est un héros ayant tué le Minotaure Mythologie
92%
Les sirènes sont des créatures qui aident les marins à s’orienter. Mytho
91%
La guerre de Troie aurait été déclenchée car les Troyens ont volé une statue en or à Athènes. Mytho
89%
Nyx est la déesse de la nuit Mythologie
89%
Ulysse est connu pour sa ruse mais aussi pour son voyage qui a duré 10 ans Mythologie
89%
Atlas est un titan destiné à porter le monde sur son dos Mythologie
88%
Sirius est le dieu des fleuves Mytho
87%
Pan est le dieu de la nature et des troupeaux. Mythologie
87%
Ra est le dieu égyptien du soleil Mythologie
86%
Artikodin est le dieu des glaces dans la mythologie grecque Mytho
83%
La guerre de Troie oppose les cités grecques aux Troyens Mythologie
81%
Paris est un héros grecque qui a causé la guerre de Troie Mythologie
81%
Agamemnon est le roi de Mycènes. Mythologie
76%
Cassandre pouvait voir l’avenir mais personne ne la croyait Mythologie
76%
Zeus a été nourri par une chèvre Mythologie
73%
Pandore est la première femme, elle a été créée par Héphaistos Mythologie
70%
Charlybde et Sylla sont des divinités transformées en monstres qui attaquent les bateaux dans le détroit de Messine Mythologie
67%
Castor et Pollux sont des héros grecs jumeaux Mythologie
60%
Opale est un chasseur transformé en cerf par Artémis Mytho
57%
Galon est un centaure connu pour avoir aidé les troyens durant la guerre de Troie Mytho
55%
Le pactole est un fleuve dans lequel on trouve des pépites d’or Mythologie
52%
Soraca est la déesse de la guérison Mytho
50%
Aucun quiz correspondant
Distribution des résultats
% des personnes avec chaque résultat
Percentile par nombre de réponses
Votre historique - résultats
Vous n’avez pas pris ce quiz depuis la dernière actualisation